| 000 | 00466pab a2200169 454500 | ||
|---|---|---|---|
| 008 | 180718b2011 xxu||||| |||| 00| 0 eng d | ||
| 100 | _aPatil, S.H. | ||
| 245 | _aContention issues in Israel-Palestine relations | ||
| 260 | _c2011 | ||
| 300 | _ap.6-12. | ||
| 362 | _aJul-Dec | ||
| 650 | _aIsreal - Foreign relations - Palestine | ||
| 650 | _aInternationalRelations | ||
| 773 | _aSouth Asian Journal of Socio- Political Studies | ||
| 908 | _aN | ||
| 909 | _a94319 | ||
| 999 |
_c94319 _d94319 |
||